UM Logo

Using journalism skills in the language classroom. (Record no. 16132)

MARC details
000 -LEADER
fixed length control field 00441nam a2200133 4500
008 - FIXED-LENGTH DATA ELEMENTS--GENERAL INFORMATION
fixed length control field 210428b ||||| |||| 00| 0 eng d
022 ## - INTERNATIONAL STANDARD SERIAL NUMBER
International Standard Serial Number 1559-663X
082 ## - DEWEY DECIMAL CLASSIFICATION NUMBER
Classification number DPer 420.705 En36 c2006-2008
245 ## - TITLE STATEMENT
Title Using journalism skills in the language classroom.
260 ## - PUBLICATION, DISTRIBUTION, ETC. (IMPRINT)
Place of publication, distribution, etc. Washington, D.C. :
Name of publisher, distributor, etc. English Teaching Forum,
Date of publication, distribution, etc. c2006-2008.
300 ## - PHYSICAL DESCRIPTION
Extent v44 n4, pages 48-56;
Dimensions 27 cm.
650 ## - SUBJECT ADDED ENTRY--TOPICAL TERM
Topical term or geographic name as entry element Programmed instruction.
General subdivision
9 (RLIN) 43216
942 ## - ADDED ENTRY ELEMENTS (KOHA)
Source of classification or shelving scheme Dewey Decimal Classification
Koha item type Periodicals
Holdings
Withdrawn status Lost status Source of classification or shelving scheme Damaged status Not for loan Collection code Home library Current library Date acquired Total Checkouts Full call number Date last seen Price effective from Koha item type Public note
    Dewey Decimal Classification     Periodicals UM Digos College - LIC UM Digos College - LIC 04/28/2021   DPer 420.705 En36 c2006-2008 04/28/2021 04/28/2021 Periodicals Periodical article